Sport As Part of the Agreements between the European Union and Non-Member Countries

Skúmanie jednotlivých možností využitia športu v zahraničnej politike. Identifikácia odkazov na šport v zmluvách medzi EÚ a nečlenskými krajinami. Možné spôsoby implementácie a plnenia ustanovení týchto zmlúv.

Salvato in:
Dettagli Bibliografici
Autore principale: Mancoš, Martin
Natura: Capitolo di libro
Lingua:inglese
Soggetti:
Tags: Aggiungi Tag
Nessun Tag, puoi essere il primo ad aggiungerne!!

MARC

LEADER 00000naa a2200000 4500
001 0282738
005 20220318105903.3
041 0 |a eng 
044 |a SK 
245 1 0 |a Sport As Part of the Agreements between the European Union and Non-Member Countries  |c Martin Mancoš 
520 |a Skúmanie jednotlivých možností využitia športu v zahraničnej politike. Identifikácia odkazov na šport v zmluvách medzi EÚ a nečlenskými krajinami. Možné spôsoby implementácie a plnenia ustanovení týchto zmlúv. 
610 2 0 |a šport 
610 2 0 |a diplomacia 
610 2 0 |a vzťahy medzinárodné 
610 2 0 |a dohody medzinárodné 
610 2 0 |a politika medzinárodná 
610 2 0 |a Európska únia 
100 1 |a Mancoš, Martin